Les acteurs de Plus belle la vie (guest stars) - Statistiques

Statistiques générales
  • Ce quiz a été pris 37 fois
  • Le résultat moyen est 10 sur 37
Statistiques - réponses
Hint Extra Hint Réponse % Correct
Lui-même 1 saison / Animateur / Slam Cyril Féraud
68%
Andrée Boher 3 saisons / Scènes de ménage Marion Game
61%
Elle-même 1 saison / Chanteuse / Israélienne Tal
61%
Elle-même 1 saison / Chanteuse / Sur mes gardes Joyce Jonathan
48%
Lui-même 1 saison / Cycliste Thomas Voeckler
48%
Lui-même 1 saison / Ancien Footballeur / Défenseur Basile Boli
42%
Elle-même 1 saison / Joueuse de tennis Justine Hénin
42%
Lui-même 1 saison / Animateur / Conteur Pierre Bellemare
39%
Violette Garcin 1 saison / H Catherine Benguigui
35%
Germain Lamy 1 saison / Imitateur Gérald Dahan
35%
Elle-même 1 saison / Animatrice Adriana Karembeu
32%
Michel Espira 1 saison / Les brigades du Tigre Jean-Claude Bouillon
32%
Benjamin Tomasini 1 saison / Commissaire Moulin Yves Rénier
32%
Jacques Maury 2 saisons / Animateur / Clarinettiste Christian Morin
29%
Elle-même 1 saison / Chanteuse / Taxi 2 Maïdi Roth
29%
Un policier 1 saison / DJ Philippe Corti
29%
Charlotte Gauthier 1 saison / Tchao Pantin Agnès Soral
26%
Francis 2 saisons / Premiers baisers Anthony Dupray
26%
Un facteur 1 saison / Humoriste Anthony Joubert
23%
Commissaire Madigan 4 saisons / Les filles d'à côté Cécile Auclert
23%
Lui-même 1 saison / Footballeur / Attaquant Fabrice Fiorèse
23%
Etienne Anglade 2 saisons / La Haine Hubert Koundé
23%
Lui-même 1 saison / Entraineur José Anigo
23%
Daniela Cazin 1 saison / Marc et Sophie Julie Arnold
23%
Clochard/Père Noël 1 saison / Les gendarmes Michel Modo
23%
Lucien 1 saison / Splendid Bruno Moynot
19%
Sophie Libourne/Hélène Cantorel 1 saison / La Belle histoire Marie-Sophie L.
19%
Yves Copain 1 saison / Amélie Poulain Rufus
19%
Lui-même 1 saison / Footballeur / Red star Steve Marlet
19%
Lui-même 1 saison / Footballeur / Arrière Eric Di Meco
16%
Augustin Layrac 2 saisons / Chroniqueur Frédéric Zeitoun
16%
Henri Laroque 1 saison / Dupont Lajoie Robert Castel
16%
Lui-même 1 saison / Prêtre Christian Delorme
13%
Léonard Vassago 1 saison / Betty Jean-François Garreaud
10%
Lui-même 1 saison / Footballeur / Défenseur Johnny Ecker
10%
Alfonso 1 saison / Animateur / Roue Michel Robbe
3%
Lui-même 1 saison / Footballeur / Latéral Demetrius Ferreira
0%
Aucun quiz correspondant
Distribution des résultats
% des personnes avec chaque résultat
Percentile par nombre de réponses
Votre historique - résultats
Vous n’avez pas pris ce quiz